[Event "4NCL 3 South pool B"]
[Site "Daventry, ENG"]
[Date "2018.11.17"]
[Round "1.73"]
[White "Howell, Chris I"]
[Black "Shepherd, Paul D"]
[Result "0-1"]
[WhiteElo "1964"]
[BlackElo "2054"]
[PlyCount "64"]
[EventDate "2018.11.17"]

1. e4 c5 2. a3 g6 3. b4 Bg7 4. Nc3 b6 5. bxc5 bxc5 6. Rb1 Nc6 7. Nf3 e6 8. Qe2
Nge7 9. g3 d5 10. exd5 exd5 11. Na4 O-O 12. Bg2 Re8 13. O-O Qa5 14. Qb5 Qxb5
15. Rxb5 Ba6 16. Rxc5 Bxf1 17. Bxf1 Reb8 18. d3 Rb1 19. Bf4 Ra1 20. Nc3 Rd8 21.
Nb5 a6 22. Nd6 Rxa3 23. Bh3 h6 24. Nb7 Ra8 25. Kg2 Rc3 26. Rxc3 Bxc3 27. Bxh6
a5 28. Nd6 a4 29. Ng5 Nd8 30. Ngxf7 Nxf7 31. Be6 a3 32. Nxf7 Ra6 0-1

[Event "4NCL 3 South pool B"]
[Site "Daventry, ENG"]
[Date "2018.11.17"]
[Round "1.74"]
[White "Seymour, Timothy P"]
[Black "Higgs, Anthony R J"]
[Result "1-0"]
[WhiteElo "2063"]
[BlackElo "2027"]
[PlyCount "79"]
[EventDate "2018.11.17"]

1. Nf3 Nf6 2. e3 g6 3. c4 Bg7 4. d4 d6 5. Nc3 O-O 6. Be2 c6 7. O-O Qc7 8. Qc2
e5 9. b4 Bg4 10. Bb2 Re8 11. a4 Nbd7 12. h3 Bf5 13. e4 exd4 14. exf5 dxc3 15.
Bxc3 Ne5 16. Ng5 d5 17. Qb2 Ne4 18. Nxe4 dxe4 19. fxg6 hxg6 20. Rad1 Bh6 21.
Kh1 f5 22. c5 Nf7 23. Bc4 Rad8 24. Be5 Qc8 25. Bd6 Bg7 26. Qb3 Rd7 27. Be6 Qd8
28. Bc7 Rxc7 29. Rxd8 Rxd8 30. Qg3 Re7 31. Qxg6 Kf8 32. Qxf5 Rde8 33. Bb3 Bc3
34. b5 Kg7 35. Rd1 Ne5 36. Qg5+ Kh8 37. Rd6 Nd3 38. Qh5+ Kg7 39. Rg6+ Kf8 40.
Rg8# 1-0

[Event "4NCL 3 South pool B"]
[Site "Daventry, ENG"]
[Date "2018.11.17"]
[Round "1.75"]
[White "Graham, William M"]
[Black "Faulks, Nick"]
[Result "0-1"]
[WhiteElo "2027"]
[BlackElo "1892"]
[PlyCount "82"]
[EventDate "2018.11.17"]

1. c4 c5 2. g3 Nf6 3. Bg2 d5 4. cxd5 Nxd5 5. Nc3 Nc7 6. Nf3 Nc6 7. O-O e5 8. d3
Be7 9. b3 O-O 10. Bb2 f6 11. Rc1 Rb8 12. Ne4 Ne6 13. Qd2 Qe8 14. e3 Qh5 15.
Rfd1 g5 16. d4 cxd4 17. exd4 f5 18. Nc5 e4 19. Nxe6 Bxe6 20. Ne5 Nxe5 21. dxe5
Rbd8 22. Qe1 Bb4 23. Qf1 Bd2 24. Rb1 e3 25. fxe3 Bxe3+ 26. Kh1 f4 27. Rxd8 Rxd8
28. gxf4 Rd2 29. Qf3 Qxf3 30. Bxf3 Bxf4 31. Bxb7 Rxh2+ 32. Kg1 Rd2 33. Bc1 Rd1+
34. Kg2 Rxc1 35. Rb2 Rc7 36. Bf3 g4 37. Ba8 Rc5 38. Rf2 Bxe5 39. b4 Rb5 40. a4
Rxb4 41. Re2 Rb2 0-1

[Event "4NCL 3 South pool B"]
[Site "Daventry, ENG"]
[Date "2018.11.17"]
[Round "1.76"]
[White "Alcock, Graham P"]
[Black "Bennet-Stevens, Lucy"]
[Result "1/2-1/2"]
[WhiteElo "1745"]
[BlackElo "1967"]
[PlyCount "61"]
[EventDate "2018.11.17"]

1. e4 c5 2. d4 cxd4 3. c3 dxc3 4. Nxc3 Nc6 5. Nf3 e6 6. Bc4 Be7 7. Bf4 d6 8.
Nb5 e5 9. Bg5 Be6 10. Bxe7 Kxe7 11. Qe2 a6 12. Nc3 Nf6 13. Rd1 Qc7 14. O-O Rhd8
15. Rd2 Nb4 16. Bxe6 fxe6 17. Rc1 Nc6 18. h3 Rac8 19. Qe3 b5 20. Qg5 Kf7 21.
Qh4 h6 22. Rcd1 b4 23. Ne2 d5 24. exd5 exd5 25. Rc1 Qb6 26. Rdc2 Re8 27. Ng3 e4
28. Nf5 Na7 29. N3d4 Rxc2 30. Rxc2 Qb8 31. Nc6 1/2-1/2

[Event "4NCL 3 South pool B"]
[Site "Daventry, ENG"]
[Date "2018.11.17"]
[Round "1.81"]
[White "Gibbs, Dominic V"]
[Black "Josse, Mark"]
[Result "1/2-1/2"]
[WhiteElo "1952"]
[BlackElo "2190"]
[PlyCount "83"]
[EventDate "2018.11.17"]

1. e4 c5 2. c3 d5 3. exd5 Qxd5 4. d4 Nf6 5. Nf3 Bg4 6. Be2 e6 7. O-O Nc6 8. h3
Bh5 9. Be3 cxd4 10. Nxd4 Bxe2 11. Qxe2 Nxd4 12. Bxd4 Be7 13. Rd1 Qc6 14. Nd2
O-O 15. Qc4 Rfc8 16. Qxc6 Rxc6 17. Nf3 b5 18. a4 b4 19. cxb4 Bxb4 20. Rac1 Rxc1
21. Rxc1 Nd5 22. Ne5 a6 23. Rc6 Nf4 24. Be3 Nd5 25. Nd3 Be7 26. Bd4 Kf8 27. Nc5
Nb4 28. Rc7 Ke8 29. Nb7 g6 30. Rxe7+ Kxe7 31. Bc5+ Kd7 32. Bxb4 Kc6 33. Nd6 Rb8
34. Ba3 f5 35. Nf7 Kd5 36. Ng5 Rb7 37. Kf1 e5 38. Nf3 e4 39. Nd2 Kd4 40. Ke2 g5
41. Bf8 Ke5 42. Ba3 1/2-1/2

[Event "4NCL 3 South pool B"]
[Site "Daventry, ENG"]
[Date "2018.11.17"]
[Round "1.82"]
[White "Jones, Christopher M"]
[Black "Feavyour, John A"]
[Result "0-1"]
[WhiteElo "2128"]
[BlackElo "1970"]
[PlyCount "84"]
[EventDate "2018.11.17"]

1. e4 c5 2. Nc3 Nc6 3. g3 g6 4. Bg2 Bg7 5. Nge2 e6 6. O-O Nge7 7. d3 O-O 8. Be3
d6 9. Qd2 Nd4 10. Nd1 Nxe2+ 11. Qxe2 h6 12. Qd2 Kh7 13. d4 cxd4 14. Bxd4 e5 15.
Be3 Be6 16. Nc3 Qd7 17. Rfd1 Rfd8 18. f4 f5 19. fxe5 dxe5 20. Qf2 Qe8 21. Rxd8
Rxd8 22. Bxa7 b5 23. Bc5 Bc4 24. Re1 Be6 25. Bh3 Bc8 26. Bf1 Bd7 27. Bd3 fxe4
28. Nxe4 Nd5 29. Rf1 Bh3 30. Rd1 Qc6 31. Qe2 Nf6 32. Nxf6+ Bxf6 33. b4 e4 34.
g4 exd3 35. Rxd3 Rxd3 36. cxd3 Qd7 37. Qc2 Qxg4+ 38. Kh1 Qc8 39. Qf2 Qf5 40.
Qg3 Qf1+ 41. Bg1 Bf5 42. h4 Qxd3 0-1

[Event "4NCL 3 South pool B"]
[Site "Daventry, ENG"]
[Date "2018.11.17"]
[Round "1.83"]
[White "Botham, C Paul"]
[Black "Morley, Andrew J"]
[Result "1/2-1/2"]
[WhiteElo "1949"]
[BlackElo "2097"]
[PlyCount "68"]
[EventDate "2018.11.17"]

1. c4 e5 2. Nc3 Nf6 3. g3 c6 4. Bg2 d5 5. cxd5 cxd5 6. d3 Nc6 7. Nf3 Be7 8. O-O
O-O 9. e4 d4 10. Ne2 Nd7 11. Ne1 Nc5 12. f4 f5 13. exf5 Bxf5 14. a3 Be6 15. b4
Nb3 16. Rb1 Nxc1 17. Qxc1 Rc8 18. Qb2 Bd6 19. Qd2 Qd7 20. Be4 Bc7 21. Ng2 Bd5
22. Qb2 Kh8 23. Kh1 a6 24. Qd2 Ne7 25. Ng1 exf4 26. Nxf4 Bxf4 27. Rxf4 Rxf4 28.
gxf4 Qf5 29. Re1 Rf8 30. Qg2 Qd7 31. Ne2 Bc6 32. Rc1 Re8 33. Rg1 Nf5 34. Ng3
Nxg3+ 1/2-1/2

[Event "4NCL 3 South pool B"]
[Site "Daventry, ENG"]
[Date "2018.11.17"]
[Round "1.84"]
[White "Gibson, Christopher A"]
[Black "Somton, Anita"]
[Result "0-1"]
[WhiteElo "1924"]
[BlackElo "1952"]
[PlyCount "80"]
[EventDate "2018.11.17"]

1. e4 c6 2. d4 d5 3. exd5 cxd5 4. c4 Nf6 5. Nc3 Nc6 6. Bg5 e6 7. Nf3 Be7 8. Bd3
dxc4 9. Bxc4 O-O 10. O-O a6 11. Re1 b5 12. Bb3 Bb7 13. a3 Nd5 14. Be3 Nxe3 15.
fxe3 Na5 16. Bc2 f5 17. e4 f4 18. e5 Nc4 19. Qd3 g6 20. Bb3 Rc8 21. Ne4 Bd5 22.
Bxc4 Bxc4 23. Qd2 g5 24. h3 Rf5 25. Nh2 h5 26. Qd1 Qe8 27. b4 Qg6 28. g4 hxg4
29. hxg4 Rf7 30. Nf3 Bd5 31. Qd3 Qh6 32. Kg2 Qh7 33. Kf2 Bxe4 34. Rxe4 Qh3 35.
Rg1 Bd8 36. Ree1 Rfc7 37. Re2 Rc3 38. Qg6+ Kf8 39. Ne1 R8c6 40. d5 Bb6+ 0-1

[Event "4NCL 3 South pool B"]
[Site "Daventry, ENG"]
[Date "2018.11.17"]
[Round "1.85"]
[White "Kenning, Paul H"]
[Black "Jaszkiwskyj, Peter"]
[Result "1-0"]
[WhiteElo "1866"]
[BlackElo "1947"]
[PlyCount "53"]
[EventDate "2018.11.17"]

1. e4 e6 2. d4 d5 3. Bd3 c5 4. exd5 Qxd5 5. Nc3 Qxd4 6. Nb5 Qd8 7. Bf4 Na6 8.
Qe2 Nf6 9. O-O-O Qb6 10. Bc4 Bd7 11. Nf3 Be7 12. Bd6 Bxb5 13. Bxb5+ Kf8 14. Bg3
Nb4 15. Bc4 a6 16. Rhe1 Rd8 17. Rxd8+ Qxd8 18. Ng5 Nfd5 19. Nxf7 Kxf7 20. Qxe6+
Kf8 21. Bxd5 Nxd5 22. Rd1 h5 23. Rxd5 Bg5+ 24. f4 Qe7 25. Qc8+ Kf7 26. Qf5+ Kg8
27. Re5 1-0

[Event "4NCL 3 South pool B"]
[Site "Daventry, ENG"]
[Date "2018.11.17"]
[Round "1.86"]
[White "Kennedy, Craig"]
[Black "Ukken, Somton"]
[Result "0-1"]
[WhiteElo "1888"]
[BlackElo "1876"]
[PlyCount "56"]
[EventDate "2018.11.17"]

1. d4 d6 2. Nc3 Nf6 3. e4 Nbd7 4. Bc4 e5 5. Nf3 Be7 6. Bxf7+ Kxf7 7. Ng5+ Kg8
8. Ne6 Qe8 9. Nxc7 Qg6 10. O-O Rb8 11. f4 Nb6 12. dxe5 dxe5 13. Be3 Bg4 14. Qd3
h6 15. fxe5 Nfd7 16. Qb5 Kh7 17. a4 a6 18. Qb3 Rhc8 19. N7d5 Nxd5 20. Nxd5 Bh4
21. Bf4 Nc5 22. Qe3 Ne6 23. h3 Bh5 24. g3 Rxc2 25. Kh1 Re2 26. Qd3 Nc5 27. Qd4
Bxg3 28. Qxc5 Rh2+ 0-1

[Event "4NCL 3 South pool B"]
[Site "Daventry, ENG"]
[Date "2018.11.18"]
[Round "2.51"]
[White "Briscoe, Chris"]
[Black "Davison, Chris"]
[Result "1/2-1/2"]
[WhiteElo "2223"]
[BlackElo "2035"]
[PlyCount "102"]
[EventDate "2018.11.18"]
[WhiteTeam "Surbiton"]
[BlackTeam "Poisoned Pawns 1"]

1. e4 e5 2. Nf3 Nc6 3. Bc4 Nf6 4. d4 exd4 5. e5 d5 6. Bb5 Ne4 7. Nxd4 Bd7 8.
Bxc6 bxc6 9. Be3 Bc5 10. Nd2 Nxd2 11. Qxd2 Qe7 12. Nb3 Bxe3 13. Qxe3 O-O 14.
O-O-O Rae8 15. Nc5 Rb8 16. a4 Rfd8 17. Qc3 Qg5+ 18. Kb1 Bf5 19. g3 d4 20. Rxd4
Rxd4 21. Qxd4 Rd8 22. h4 Bxc2+ 23. Kxc2 Qf5+ 24. Qe4 Qxf2+ 25. Kb1 Qxc5 26. Rc1
Qd4 27. Qxd4 Rxd4 28. b3 Rd3 29. Kb2 Rxg3 30. Rxc6 g5 31. hxg5 Rxg5 32. Rxc7
Rxe5 33. Rxa7 h5 34. Rd7 h4 35. Rd3 Rh5 36. Rh3 Kf8 37. Kc3 Ke7 38. Kd4 Ke6 39.
b4 Rh8 40. a5 Kd6 41. b5 Rh5 42. Kc4 Kc7 43. Kb4 Kb7 44. Ka4 Ka7 45. Rf3 h3 46.
Rxf7+ Kb8 47. Rf8+ Ka7 48. Rf7+ Kb8 49. Rf8+ Ka7 50. Rf7+ Kb8 51. Rf8+ Ka7
1/2-1/2

[Event "4NCL 3 South pool B"]
[Site "Daventry, ENG"]
[Date "2018.11.18"]
[Round "2.52"]
[White "Clark, Kevin R"]
[Black "Scott, David A"]
[Result "1/2-1/2"]
[WhiteElo "2104"]
[BlackElo "2152"]
[PlyCount "25"]
[EventDate "2018.11.18"]
[WhiteTeam "Poisoned Pawns 1"]
[BlackTeam "Surbiton"]

1. e4 e6 2. d4 d5 3. Nd2 Be7 4. Bd3 c5 5. dxc5 Nf6 6. exd5 Qxd5 7. Qf3 Qxf3 8.
Ngxf3 Bxc5 9. Nc4 O-O 10. O-O Nbd7 11. c3 Nd5 12. Re1 Rd8 13. Bc2 1/2-1/2

[Event "4NCL 3 South pool B"]
[Site "Daventry, ENG"]
[Date "2018.11.18"]
[Round "2.53"]
[White "Shepherd, Paul D"]
[Black "Rosen, Daniel B"]
[Result "1-0"]
[WhiteElo "2054"]
[BlackElo "2092"]
[PlyCount "37"]
[EventDate "2018.11.18"]
[WhiteTeam "Surbiton"]
[BlackTeam "Poisoned Pawns 1"]

1. e4 d6 2. d4 g6 3. Nc3 Bg7 4. Be3 c6 5. Qd2 Nd7 6. Nf3 Qc7 7. Bd3 b5 8. O-O
Ngf6 9. Bh6 O-O 10. Ne2 Re8 11. Bxg7 Kxg7 12. Ng3 h6 13. a4 Rb8 14. axb5 cxb5
15. d5 a6 16. Nd4 Bb7 17. Ndf5+ gxf5 18. Nxf5+ Kg8 19. Qxh6 1-0

[Event "4NCL 3 South pool B"]
[Site "Daventry, ENG"]
[Date "2018.11.18"]
[Round "2.54"]
[White "Byway, Paul V"]
[Black "Faulks, Nick"]
[Result "0-1"]
[WhiteElo "2075"]
[BlackElo "1892"]
[PlyCount "102"]
[EventDate "2018.11.18"]
[WhiteTeam "Poisoned Pawns 1"]
[BlackTeam "Surbiton"]

1. Nf3 Nf6 2. c4 c5 3. e3 g6 4. d4 Bg7 5. Nc3 O-O 6. Be2 cxd4 7. Nxd4 Nc6 8.
O-O Nxd4 9. Qxd4 d6 10. e4 Be6 11. Bg5 Nd5 12. Qd2 Nxc3 13. bxc3 Rc8 14. Rab1
b6 15. Bh6 Bxh6 16. Qxh6 Bxc4 17. Bxc4 Rxc4 18. Rb4 Qc8 19. Qg5 Rxb4 20. cxb4
Qe6 21. f3 Rc8 22. Qd2 Qc4 23. h4 Qc3 24. Rd1 Qxd2 25. Rxd2 Rc1+ 26. Kf2 Kf8
27. Rb2 Ke8 28. Kg3 Kd7 29. Kg4 f6 30. h5 Ke6 31. hxg6 hxg6 32. Kf4 g5+ 33. Ke3
Ke5 34. Rd2 Re1+ 35. Kf2 Rb1 36. a3 Rb3 37. Ra2 Kd4 38. Kg3 Kc3 39. Kg4 Rb2 40.
Ra1 Rxg2+ 41. Kf5 Rf2 42. Ke6 Rxf3 43. Kxe7 Kb2 44. Re1 Kxa3 45. Ra1+ Kxb4 46.
Rxa7 Kc5 47. Rc7+ Kd4 48. Rb7 Kxe4 49. Kxd6 g4 50. Rxb6 g3 51. Rb4+ Kf5 0-1

[Event "4NCL 3 South pool B"]
[Site "Daventry, ENG"]
[Date "2018.11.18"]
[Round "2.55"]
[White "Alcock, Graham P"]
[Black "Kemp, Paul R"]
[Result "1/2-1/2"]
[WhiteElo "1745"]
[BlackElo "2032"]
[PlyCount "49"]
[EventDate "2018.11.18"]
[WhiteTeam "Surbiton"]
[BlackTeam "Poisoned Pawns 1"]

1. e4 c6 2. d4 d5 3. Bd3 dxe4 4. Bxe4 Nf6 5. Bf3 h6 6. Ne2 Bf5 7. O-O e6 8. c4
Be7 9. Nbc3 O-O 10. Ng3 Bg6 11. Be3 Qc7 12. Qe2 Re8 13. Rac1 Nbd7 14. Rfd1 Rac8
15. Nge4 Nxe4 16. Bxe4 Bxe4 17. Nxe4 Nf6 18. Nxf6+ Bxf6 19. Qg4 Kf8 20. b3 Qa5
21. Rc2 Rcd8 22. g3 Re7 23. Qe4 $11 Kg8 24. Qg4 Red7 25. Rcd2 1/2-1/2

[Event "4NCL 3 South pool B"]
[Site "Daventry, ENG"]
[Date "2018.11.18"]
[Round "2.56"]
[White "McCorry, Robert T"]
[Black "Voiculescu-Holvad, Stefan"]
[Result "1-0"]
[WhiteElo "2006"]
[BlackElo "1607"]
[PlyCount "59"]
[EventDate "2018.11.18"]
[WhiteTeam "Poisoned Pawns 1"]
[BlackTeam "Surbiton"]

1. d4 Nf6 2. c4 e6 3. Nc3 Bb4 4. Qc2 d5 5. cxd5 exd5 6. Bg5 c6 7. e3 Nbd7 8.
Bd3 Qa5 9. Nge2 Be7 10. O-O O-O 11. Bxh7+ Kh8 12. Bd3 Re8 13. Ng3 Nf8 14. Nf5
Bxf5 15. Bxf5 Ne6 16. Bxe6 fxe6 17. f4 Ne4 18. Nxe4 dxe4 19. Bxe7 Rxe7 20. Qxe4
Qd5 21. Qc2 Rf8 22. Rf3 Rf5 23. a3 g5 24. Rh3+ Rh7 25. Rxh7+ Kxh7 26. g4 Qf3
27. gxf5 Qxe3+ 28. Qf2 Qxf4 29. Qxf4 gxf4 30. fxe6 1-0

[Event "4NCL 3 South pool B"]
[Site "Daventry, ENG"]
[Date "2018.11.18"]
[Round "2.61"]
[White "McKenna, Jason P"]
[Black "Rogacewicz, Mikolaj"]
[Result "1-0"]
[WhiteElo "2072"]
[BlackElo "2125"]
[PlyCount "97"]
[EventDate "2018.11.18"]
[WhiteTeam "Oxford 2"]
[BlackTeam "Sussex Martlets 2"]

1. e4 e6 2. d4 d5 3. Nc3 Bb4 4. e5 c5 5. a3 Bxc3+ 6. bxc3 Ne7 7. Qg4 cxd4 8.
Qxg7 Rg8 9. Qxh7 Qc7 10. Ne2 Nbc6 11. f4 dxc3 12. Qd3 d4 13. Ng3 Bd7 14. Ne4
O-O-O 15. Nd6+ Kb8 16. Rb1 b6 17. Nxf7 Rdf8 18. Nd6 Nf5 19. Nxf5 Rxf5 20. g3
Nxe5 21. fxe5 Bc6 22. Rg1 Qxe5+ 23. Be2 Be4 24. Rb5 Bd5 25. Rb4 Qh8 26. Qxd4
Qxh2 27. Bf4+ Kb7 28. Rf1 Qg2 29. Qxc3 Rf7 30. Qe3 Re8 31. c4 Bc6 32. Bf3 Bxf3
33. Qxf3+ Qxf3 34. Rxf3 e5 35. Re3 Rfe7 36. Bg5 Re6 37. c5 e4 38. cxb6 axb6 39.
Bf4 Kc6 40. Reb3 Kd5 41. Rxb6 Rxb6 42. Rxb6 Ra8 43. Rb3 Kc4 44. Re3 Kd4 45. Kf2
Rf8 46. a4 Rc8 47. Re2 Rc3 48. Be3+ Kc4 49. Rd2 1-0

[Event "4NCL 3 South pool B"]
[Site "Daventry, ENG"]
[Date "2018.11.18"]
[Round "2.62"]
[White "Forster, Matthew"]
[Black "Moyse, Nigel John"]
[Result "1-0"]
[WhiteElo "2042"]
[BlackElo "2059"]
[PlyCount "67"]
[EventDate "2018.11.18"]
[WhiteTeam "Sussex Martlets 2"]
[BlackTeam "Oxford 2"]

1. c4 g6 2. g3 c6 3. Bg2 Bg7 4. Nc3 e5 5. d3 d6 6. Rb1 a5 7. e4 Nd7 8. Nge2 Ne7
9. O-O O-O 10. h3 Nc5 11. Be3 Ne6 12. Qc1 f5 13. f4 Bd7 14. b4 b5 15. a3 Ra6
16. c5 dxc5 17. bxc5 Nd4 18. fxe5 Nxe2+ 19. Nxe2 fxe4 20. d4 Be6 21. g4 Bc4 22.
Rxf8+ Qxf8 23. Nc3 Bd3 24. Rb2 b4 25. axb4 axb4 26. Nxe4 Nd5 27. Nf2 Ra3 28.
Rxb4 Nxe3 29. Qxa3 Nc2 30. Qb3+ Qf7 31. Rb8+ Bf8 32. Qxf7+ Kxf7 33. Nxd3 Nxd4
34. Rc8 1-0

[Event "4NCL 3 South pool B"]
[Site "Daventry, ENG"]
[Date "2018.11.18"]
[Round "2.63"]
[White "Cole, James"]
[Black "Howell, Chris I"]
[Result "1/2-1/2"]
[WhiteElo "1990"]
[BlackElo "1964"]
[PlyCount "51"]
[EventDate "2018.11.18"]
[WhiteTeam "Oxford 2"]
[BlackTeam "Sussex Martlets 2"]

1. d4 Nf6 2. c4 g6 3. g3 Bg7 4. Bg2 O-O 5. Nc3 d6 6. Nf3 Nc6 7. O-O e5 8. d5
Ne7 9. e4 a6 10. a4 Qe8 11. Ne1 Nh5 12. Nd3 f5 13. f4 exf4 14. Nxf4 Nxf4 15.
Bxf4 fxe4 16. Bxe4 Bh3 17. Bg2 Qd7 18. Qd2 Rae8 19. Rae1 Bxg2 20. Kxg2 Nf5 21.
h3 b6 22. g4 Nd4 23. Be3 c5 24. Bxd4 Bxd4 25. b3 Rxe1 26. Rxf8+ 1/2-1/2

[Event "4NCL 3 South pool B"]
[Site "Daventry, ENG"]
[Date "2018.11.18"]
[Round "2.64"]
[White "Higgs, Anthony R J"]
[Black "Shepherd, Tom"]
[Result "1-0"]
[WhiteElo "2027"]
[BlackElo "1982"]
[PlyCount "89"]
[EventDate "2018.11.18"]
[WhiteTeam "Sussex Martlets 2"]
[BlackTeam "Oxford 2"]

1. d4 d5 2. Bf4 Nf6 3. e3 e6 4. c3 Bd6 5. Bd3 O-O 6. Nd2 c5 7. Ne2 Nc6 8. Nf3
Re8 9. O-O e5 10. dxe5 Nxe5 11. Nxe5 Bxe5 12. Qd2 Bd7 13. Rad1 Bc6 14. Bb1 Qe7
15. Qc2 g6 16. h3 Rad8 17. Bg5 b6 18. Rfe1 Qb7 19. f4 d4 20. fxe5 d3 21. Qc1
Bxg2 22. Nf4 Bxh3 23. Bxf6 Qf3 24. Qd2 Qg3+ 25. Ng2 Rd5 26. Qf2 Qg4 27. Rxd3
Rdxe5 28. Bxe5 Rxe5 29. Rd2 Bxg2 30. Qxg2 Qh5 31. Qa8+ Kg7 32. Be4 Qh4 33. Rf2
Rxe4 34. Qd5 Qg3+ 35. Kf1 Qh3+ 36. Rg2 Qh1+ 37. Kf2 Qh4+ 38. Ke2 Rxe3+ 39. Kxe3
Qxe1+ 40. Re2 Qg3+ 41. Kd2 Qf4+ 42. Kc2 Qa4+ 43. Kb1 Qg4 44. Qe5+ Kg8 45. Rd2
1-0

[Event "4NCL 3 South pool B"]
[Site "Daventry, ENG"]
[Date "2018.11.18"]
[Round "2.65"]
[White "Alizada, Eldar"]
[Black "Graham, William M"]
[Result "1-0"]
[WhiteElo "1978"]
[BlackElo "2027"]
[PlyCount "89"]
[EventDate "2018.11.18"]
[WhiteTeam "Oxford 2"]
[BlackTeam "Sussex Martlets 2"]

1. d4 Nf6 2. c4 g6 3. Nc3 Bg7 4. e4 d6 5. f3 O-O 6. Be3 e5 7. d5 c6 8. Bd3 Na6
9. Nge2 Bd7 10. Qd2 Nb4 11. Bb1 cxd5 12. cxd5 a5 13. O-O Rc8 14. a3 Na6 15. Bc2
Be8 16. Rfc1 Nd7 17. Nb5 Ndc5 18. Nec3 f5 19. exf5 gxf5 20. Kh1 b6 21. Bg5 Qd7
22. Qf2 h6 23. Bh4 Bf6 24. Qg3+ Kh7 25. Bxf6 Rxf6 26. Qh4 Qd8 27. g4 Bd7 28.
Rg1 Qf8 29. Qh5 Re8 30. gxf5 Re7 31. Nxd6 Nb3 32. Rad1 Nd4 33. Bb1 Nc5 34. Nde4
Bxf5 35. Nxf6+ Qxf6 36. Ne4 Qf8 37. Nxc5 bxc5 38. Bxf5+ Nxf5 39. d6 Rd7 40.
Qg6+ Kh8 41. Qe6 Nxd6 42. Qxe5+ Kh7 43. Rg3 Rf7 44. Qxd6 Qa8 45. Qg6+ 1-0

[Event "4NCL 3 South pool B"]
[Site "Daventry, ENG"]
[Date "2018.11.18"]
[Round "2.66"]
[White "Bennet-Stevens, Lucy"]
[Black "Dickinson, Tim R"]
[Result "1/2-1/2"]
[WhiteElo "1967"]
[BlackElo "2052"]
[PlyCount "115"]
[EventDate "2018.11.18"]
[WhiteTeam "Sussex Martlets 2"]
[BlackTeam "Oxford 2"]

1. e4 c6 2. c4 d5 3. cxd5 cxd5 4. exd5 Nf6 5. Nc3 Nxd5 6. Bc4 e6 7. Nf3 Nc6 8.
d4 Be7 9. O-O O-O 10. h3 b6 11. a3 Nxc3 12. bxc3 Bb7 13. Bf4 Na5 14. Qd3 Nxc4
15. Qxc4 Bxf3 16. gxf3 Rc8 17. Qd3 Qd5 18. Bd2 Rfd8 19. Qe4 Bf6 20. Qxd5 Rxd5
21. f4 Be7 22. Kg2 Ra5 23. Ra2 g6 24. Rfa1 Rc4 25. Kf3 Rca4 26. Bc1 Kg7 27. Kg4
Kf6 28. Bb2 h5+ 29. Kf3 Kf5 30. Ke3 b5 31. f3 Bd6 32. Kf2 Bxf4 33. Rg1 b4 34.
cxb4 Rb5 35. Bc3 Bd6 36. h4 Be7 37. Rh1 a6 38. Raa1 a5 39. bxa5 Rb3 40. Bb4 Bd8
41. Rac1 f6 42. Rc8 Bxa5 43. Rc5+ Kf4 44. Rxa5 Rxf3+ 45. Ke2 Rxa5 46. Bxa5 Rxa3
47. Bd2+ Ke4 48. Rg1 g5 49. hxg5 fxg5 50. Bxg5 Kxd4 51. Rh1 Ra2+ 52. Bd2 e5 53.
Rxh5 e4 54. Rh4 Ra3 55. Rg4 Rb3 56. Rg8 Kd5 57. Rd8+ Ke5 58. Re8+ 1/2-1/2

[Event "4NCL 3 South pool B"]
[Site "Daventry, ENG"]
[Date "2018.11.18"]
[Round "2.71"]
[White "Josse, Mark"]
[Black "Heaven, Pete"]
[Result "1-0"]
[WhiteElo "2190"]
[BlackElo "2067"]
[PlyCount "125"]
[EventDate "2018.11.18"]
[WhiteTeam "The Rookies"]
[BlackTeam "Rhyfelwyr Essyllwg"]

1. e4 c5 2. Nf3 d6 3. Bb5+ Nd7 4. d4 cxd4 5. Qxd4 a6 6. Bxd7+ Bxd7 7. Nc3 e5 8.
Qd3 h6 9. Nd2 Nf6 10. Nc4 Be6 11. Ne3 Rc8 12. O-O Be7 13. Ncd5 Nxd5 14. Nxd5
Bxd5 15. Qxd5 Qc7 16. b3 Qc6 17. Qxc6+ bxc6 18. c4 Kd7 19. f4 exf4 20. Bb2 f6
21. Rxf4 Ke6 22. Rd1 Rhe8 23. Kf2 Bd8 24. Ba3 Bb6+ 25. Kf3 Rcd8 26. Rf5 Bc7 27.
h4 g6 28. Rf4 Kf7 29. Bb2 Re6 30. g4 g5 31. Rf5 Rde8 32. Re1 Rd8 33. Bc3 Rde8
34. Bd2 Kg6 35. Bc3 Kg7 36. Bd2 Kg6 37. h5+ Kf7 38. Bc3 Rc8 39. Bd2 Bd8 40. Ke3
Bb6+ 41. Kd3 Rce8 42. Bc3 Kg7 43. b4 Rb8 44. Ref1 Bd8 45. a4 Kf7 46. b5 axb5
47. axb5 cxb5 48. cxb5 Rb7 49. Bd4 Rb8 50. Ra1 Bb6 51. Bxb6 Rxb6 52. Ra7+ Re7
53. Rxe7+ Kxe7 54. Kc4 Rb8 55. Rf2 Ke6 56. Rf5 Rc8+ 57. Kb4 Rf8 58. b6 Kd7 59.
Kb5 Re8 60. Rxf6 Rxe4 61. Rxh6 Rxg4 62. Rh7+ Kc8 63. Rg7 1-0

[Event "4NCL 3 South pool B"]
[Site "Daventry, ENG"]
[Date "2018.11.18"]
[Round "2.72"]
[White "Ralphs, Nigel"]
[Black "Jones, Christopher M"]
[Result "1/2-1/2"]
[WhiteElo "1981"]
[BlackElo "2128"]
[PlyCount "69"]
[EventDate "2018.11.18"]
[WhiteTeam "Rhyfelwyr Essyllwg"]
[BlackTeam "The Rookies"]

1. d4 e6 2. e4 d5 3. e5 c5 4. c3 Nc6 5. Nf3 Qb6 6. a3 c4 7. Nbd2 Na5 8. Be2 Bd7
9. O-O Ne7 10. Re1 Nf5 11. Rb1 Rc8 12. Qc2 h5 13. h4 Be7 14. g3 Qc7 15. Nf1 Nb3
16. Bg5 Ba4 17. Bxe7 Qxe7 18. Bd1 Nc5 19. Qe2 Bxd1 20. Rexd1 Nd3 21. Ne3 Nxe3
22. Qxe3 O-O 23. b4 b5 24. Ne1 Nxe1 25. Rxe1 Rc6 26. Qe2 Ra6 27. a4 Rxa4 28.
Ra1 Rxa1 29. Rxa1 Qb7 30. Qa2 Ra8 31. Qd2 Qb6 32. Ra5 a6 33. Qg5 g6 34. Qf6 Qb7
35. f4 1/2-1/2

[Event "4NCL 3 South pool B"]
[Site "Daventry, ENG"]
[Date "2018.11.18"]
[Round "2.73"]
[White "Jaszkiwskyj, Peter"]
[Black "Trevelyan, John"]
[Result "1-0"]
[WhiteElo "1947"]
[BlackElo "2015"]
[PlyCount "79"]
[EventDate "2018.11.18"]
[WhiteTeam "The Rookies"]
[BlackTeam "Rhyfelwyr Essyllwg"]

1. d4 Nf6 2. Nf3 d5 3. c4 e6 4. Bg5 Be7 5. Nc3 Nbd7 6. e3 O-O 7. cxd5 exd5 8.
Bd3 c6 9. O-O Ne4 10. Bxe7 Qxe7 11. Qc2 f5 12. Rab1 Ndf6 13. Ne5 Bd7 14. b4 b5
15. Rb2 a5 16. a3 axb4 17. axb4 Ra3 18. Nb1 Ra6 19. Nd2 Nxd2 20. Qxd2 Rfa8 21.
Rc1 Ne4 22. Qc2 Nd6 23. Qc5 Be8 24. Rbc2 Qf6 25. h3 Rd8 26. Qc3 Nc4 27. Bxc4
bxc4 28. Nxc4 Rb8 29. Ne5 Rab6 30. Rb2 f4 31. Ra1 fxe3 32. fxe3 Qd6 33. Nd3 Bg6
34. Ne5 Be4 35. Ra7 Rc8 36. Qe1 h6 37. Qg3 Rc7 38. Ra8+ Kh7 39. Rf2 Qxb4 40.
Rff8 1-0

[Event "4NCL 3 South pool B"]
[Site "Daventry, ENG"]
[Date "2018.11.18"]
[Round "2.74"]
[White "Brown, Thomas"]
[Black "Gibson, Christopher A"]
[Result "1-0"]
[WhiteElo "2041"]
[BlackElo "1924"]
[PlyCount "69"]
[EventDate "2018.11.18"]
[WhiteTeam "Rhyfelwyr Essyllwg"]
[BlackTeam "The Rookies"]

1. d4 Nf6 2. c4 g6 3. Nc3 Bg7 4. e4 d6 5. Nf3 O-O 6. Be2 e5 7. O-O Nc6 8. dxe5
dxe5 9. Bg5 Qxd1 10. Rfxd1 Bg4 11. h3 Bxf3 12. Bxf3 Nd4 13. Nd5 Nxd5 14. cxd5
Rac8 15. Rac1 f6 16. Be3 Nxf3+ 17. gxf3 b6 18. Rc6 Rf7 19. d6 Rd8 20. Rxc7 Rfd7
21. f4 exf4 22. Bxf4 Kf7 23. Rd3 g5 24. Bg3 Ke6 25. Ra3 Bf8 26. Raxa7 Bxd6 27.
Bxd6 Kxd6 28. Rxd7+ Rxd7 29. Rxd7+ Kxd7 30. Kf1 Kd6 31. Ke2 Ke5 32. Ke3 f5 33.
exf5 Kxf5 34. f3 b5 35. a3 1-0

[Event "4NCL 3 South pool B"]
[Site "Daventry, ENG"]
[Date "2018.11.18"]
[Round "2.75"]
[White "Kennedy, Craig"]
[Black "Hatchett, Paul"]
[Result "0-1"]
[WhiteElo "1888"]
[BlackElo "1974"]
[PlyCount "78"]
[EventDate "2018.11.18"]
[WhiteTeam "The Rookies"]
[BlackTeam "Rhyfelwyr Essyllwg"]

1. d4 Nf6 2. Bf4 d6 3. c4 g6 4. Nc3 Bg7 5. e3 O-O 6. Be2 Nbd7 7. Nf3 c5 8. O-O
h6 9. h3 a6 10. a3 b6 11. b4 Bb7 12. bxc5 bxc5 13. Qc2 cxd4 14. exd4 Rc8 15.
Nd2 e5 16. dxe5 dxe5 17. Be3 Qe7 18. Nb3 Ne8 19. Na5 Ba8 20. Na4 f5 21. Bd2 Kh7
22. Bb4 Qg5 23. f3 e4 24. Rad1 exf3 25. Bxf3 Bxf3 26. Rxf3 Ne5 27. Rff1 Rf7 28.
Nb6 Rd8 29. Rxd8 Qxd8 30. Nd5 Nc7 31. Nb7 Qg5 32. Nd6 Rd7 33. Bd2 Qg3 34. Bf4
Qxa3 35. Nxc7 Qxd6 36. Ne8 Qc5+ 37. Kh1 Qxc4 38. Qxc4 Nxc4 39. Nxg7 Kxg7 0-1